Normal view
MARC view
- اعداد: الشلبي، حسين محمد، مهند فايز الدويكات
Entry Personal Name
001 - CONTROL NUMBER
- control field: 21282
003 - CONTROL NUMBER IDENTIFIER
- control field: JO-AjAnu
005 - DATE AND TIME OF LATEST TRANSACTION
- control field: 20230606073705.0
008 - FIXED-LENGTH DATA ELEMENTS
- fixed length control field: 230606|| aca||aabn | a|a d
040 ## - CATALOGING SOURCE
- Original cataloging agency: JO-AjAnu
- Transcribing agency: JO-AjAnu
100 ## - HEADING--PERSONAL NAME
- Personal name: اعداد: الشلبي، حسين محمد، مهند فايز الدويكات
670 ## - SOURCE DATA FOUND
- Source citation: Work cat.: (JO-AjAnu)10934: اعداد: الشلبي، حسين محمد، مهند فايز الدويكات, author, التزوير والاحتيال بالبطاقات الائتمانية